| 000 | 01088nam a22002417a 4500 | ||
|---|---|---|---|
| 005 | 20100709111925.0 | ||
| 008 | 100709t xxu||||| |||| 00| 0 hin d | ||
| 010 | _aHIN-89641 | ||
| 020 |
_a8173155399 _c250.00 |
||
| 035 | _aHN-61987 | ||
| 037 | _bDBAD / PUB | ||
| 040 |
_aDPL _bHN |
||
| 082 | _a954 | ||
| 100 |
_aवर्मा, पवन के. _926210 |
||
| 245 |
_aभारतीय होने का अर्थ / _cपवन के. वर्मा; दीपिका रानी द्वारा अनुदित |
||
| 246 |
_aBharatiya hone ka arth _bby pawan k varma |
||
| 260 |
_aनई दिल्ली _bप्रभात प्रकाशन _c2010 |
||
| 270 |
_a4/19 आसफ अली रोड _bनई दिल्ली _e110002 |
||
| 300 |
_a216पृ _c22सेमी (सजिल्द) |
||
| 700 |
_aदीपिका रानी _926211 |
||
| 942 |
_2ddc _cHN _mवर्माप _h954 |
||
| 999 |
_c36854 _d36854 |
||